| 000 | 00634nam a2200193 i 4500 | ||
|---|---|---|---|
| 001 | 23081 | ||
| 003 | ES-MaACL | ||
| 005 | 20230906152820.0 | ||
| 007 | t| | ||
| 008 | 021209s1968 sp ||||1| spa d | ||
| 100 | 1 |
_aAlvarado de Ricord, Elsie. _920603 |
|
| 245 | 1 | 3 |
_aLa obra poética de Dámaso Alonso / _cElsie Alvarado de Ricord ; prólogo de Ricardo J. Alfaro. |
| 260 |
_aMadrid : _bGredos, _c[1968] |
||
| 300 |
_a178 p. ; _c20 cm. |
||
| 600 | 1 | 4 |
_aAlonso, Dámaso, _d1898-1990- _xCrítica e interpretación _920197 |
| 700 | 1 |
_aAlfaro, Ricardo J. _919809 |
|
| 852 |
_aES-MaACL _jC-34218 _bR.64964 |
||
| 999 |
_c23081 _d23081 |
||